00343nam a2200145Ia 4500008004100000020001500041041001200056082001100068100001500079245003300094260003800127300000800165650000700173700001700180221030s9999 xx 000 0 und d a8131509678 aEnglish a105.23 aE. F. Monk 0aEnterprise Resoruce Planning bCengage LearningaNew Delhic2009 a234 aIT aB. J. Wagner